000 00934nam a2200253 a 4500
001 BRCA_5361
005 20190320205039.0
008 081210s1874----sp-####f#v---#000-0#spa-#
041 _aspa
044 _asp
084 _aDOC3
_b.F43
_c1874
_pD1995
100 1 _aRamón, Federico de
_913727
245 1 0 _aDocumento español siglo XIX
_cFederico de Ramón.
260 _aEspaña
_c1874
300 _a[1] fojas
_c21 x 30 cm.
500 _aDocumento firmado el 31 de marzo de 1874.
500 _aDocumento en el cual el Ayuntamiento Popular de Santander nombra como Alférez a Don Federico de Ramón.
500 _aContiene escudo y lema:´MILICIA NACIONAL DE SANTANDER´.
500 _aDonación del Sr. Gonzalo Tassier el 10 de agosto de 1995.
506 0 _aFondo Reservado. Para su consulta es necesario credencial de usuario y carta de motivos.
600 1 4 _aRamón, Federico de
_913727
902 _aDDH
942 _2lcc
_cD
999 _c5055
_d5055